000 02671nam0a2200409 4500
001 RU\NLR\bibl\1515430
005 20260405155750.0
010 _a978-5-473-00497-7
_9500
021 _aRU
_b2010-29615
_91991
035 _a(nilc)RSL-KNO-004632800
035 _a(NLR Aleph) 001506812
090 _a55149
_c55149
100 _a20100421d2009 |||y0rusy50 ca
101 0 _arus
102 _aRU
105 _aa zzzz|||||
200 1 _aПроизводственная практика по стандартизации лекарственного растительного сырья и фитопрепаратов
_eучебное пособие для студентов фармацевтических вузов (факультетов), обучающихся по специальности 060108 (040500) - "Фармация"
_fВ.А. Куркин: В.Б. Браславский, Е.В. Авдеева [и др.]
_gМ-во образования и науки Рос. Федерации, М-во здравоохранения и социал. развития Рос. Федерации, ГОУ ВПО "Самар. гос. мед. ун-т"
205 _aИзд. 2-е, перераб. и доп.
210 _aСамара
_cОфорт
_d2009
215 _a126 с.
_cил., табл.
_d20
313 _a1-е не обраб., ест. гр. ознакомлена
320 _aБиблиогр.: с. 120-126 (104 назв.)
606 1 _aГаленовые препараты
_jУчебные издания для высших учебных заведений
_xСтандартизация
_92603286
_3RU\NLR\auth\661539844
606 1 _aРастительное сырье лекарственное
_jУчебные издания для высших учебных заведений
_xСтандартизация
_92291908
_3RU\NLR\auth\661372586
610 0 _aЗдравоохранение. Медицинские науки -- Фармация -- Стандартизация лекарств -- Учебник для высшей школы
686 _aР282.4я73-1
_2rubbk
686 _aЛ663ц.я73-1
701 1 _aКуркин
_bВ. А.
_gВладимир Александрович
_4070
701 1 _aБраславский
_bВ. Б.
_gВалерий Борисович
_4070
701 1 _4070
_8rus
_7ca
_aАвдеева
_bЕ. В.
_cд-р фармац. наук
_gЕлена Владимировна
_3RU\NLR\auth\7766516
_949444
801 0 _aRU
_bРГБ
_c20100421
_grcr
801 1 _aRU
_bРГБ
_c20100421
801 2 _aRU
_bNLR
_c20100526
_grcr
830 _aавт. раскрыты в кн.
942 _cBOOK
980 _aNB